[Event "US op"]
[Site "Philadelphia"]
[Date "1993.??.??"]
[Round "8"]
[White "Ivanov, Alexander V"]
[Black "Shabalov, Alexander"]
[Result "0-1"]
[WhiteElo "2535"]
[BlackElo "2590"]

1.e4 c5 2.Nf3 d6 3.d4 cxd4 4.Nxd4 Nf6 5.Nc3 e6 6.f4 a6 7.Qf3 Qb6 8.Nb3 Qc7
9.Bd3 b5 10.a4 b4 11.Nd1 Bb7 12.Nf2 Nc6 13.O-O g6 14.Bd2 Bg7 15.c3 bxc3 16.Bxc3 O-O
17.Qe3 e5 18.fxe5 Nxe5 19.Bxe5 dxe5 20.Rac1 Qb8 21.Na5 Bc8 22.Nc4 Be6 23.a5  0-1

[Event "World op"]
[Site "Philadelphia"]
[Date "1993.??.??"]
[Round "9"]
[White "Shabalov, Alexander"]
[Black "Kreiman, Boris"]
[Result "1-0"]
[WhiteElo "2590"]
[BlackElo "2400"]

1.d4 Nf6 2.c4 g6 3.Nc3 Bg7 4.e4 d6 5.h3 O-O 6.Nf3 e5 7.d5 Na6 8.Bg5 c6 9.Nd2 h6
10.Be3 Nc5 11.b4 Na6 12.a3 c5 13.b5 Nb8 14.g4 Ne8 15.Bd3 Nd7 16.Nf1 Qh4 17.Qd2 Ndf6
18.Ng3 Nh7 19.Kf1 Nef6 20.Kg2 Kh8 21.Raf1 Ng8 22.Nce2 Qe7 23.a4 Bf6 24.a5  1-0

[Event "St Martin op"]
[Site "St Martin"]
[Date "1993.??.??"]
[Round "2"]
[White "Scotto, Marco"]
[Black "Shabalov, Alexander"]
[Result "0-1"]
[WhiteElo "2255"]
[BlackElo "2575"]

1.e4 Nf6 2.e5 Nd5 3.c4 Nb6 4.c5 Nd5 5.Bc4 c6 6.Qe2 b6 7.Nc3 e6 8.cxb6 axb6
9.d4 Ba6 10.Nf3 Be7 11.O-O O-O 12.Ne4 f5 13.exf6 Bxf6 14.Re1 Be7 15.Ne5 Nf4
16.Qg4 Bxc4 17.Bxf4 Bd5 18.Re3 Bxe4 19.Rxe4 Rf5 20.Nd3 Qf8 21.a3 c5 22.dxc5 bxc5
23.Rc1 Nc6 24.Be3 Rb8 25.f4 Qf6 26.Ra4 Rd5 27.Qe2 Qf5 28.Nf2 Bf6 29.g4 Qg6
30.Rc2 Bd4 31.Rd2 h5 32.h3 Rb3 33.Ra8+ Kh7 34.Bxd4 Nxd4  0-1

[Event "St Martin op"]
[Site "St Martin"]
[Date "1993.??.??"]
[Round "8"]
[White "Werner, Dimo"]
[Black "Shabalov, Alexander"]
[Result "0-1"]
[WhiteElo "2375"]
[BlackElo "2575"]

1.e4 Nf6 2.e5 Nd5 3.d4 d6 4.Nf3 Bg4 5.Be2 e6 6.h3 Bh5 7.O-O Be7 8.c4 Nb6
9.Nc3 O-O 10.Be3 a5 11.exd6 cxd6 12.d5 e5 13.Nd2 Bxe2 14.Qxe2 Na6 15.b3 Nd7
16.Rab1 f5 17.f3 Nf6 18.f4 g6 19.fxe5 dxe5 20.Na4 Nh5 21.Bb6 Qd6 22.Nf3 e4
23.Nd4 Ng3 24.Qd2 f4 25.Ne6 f3 26.Rf2 Rf6 27.Rd1 Nf5 28.Ng5 Qe5 29.Qxa5 Bd6
30.gxf3 Nh4 31.Qd2 Rxf3 32.Rxf3 exf3 33.Kh1 Rf8 34.Bd4 f2 35.Qxf2 Qxg5 36.Qe2 Nf5
37.Qe6+ Rf7 38.Qc8+ Bf8 39.Be5 Qe3  0-1

[Event "Tilburg"]
[Site "Tilburg"]
[Date "1993.??.??"]
[Round "3"]
[White "Shabalov, Alexander"]
[Black "Epishin, Vladimir"]
[Result "0-1"]
[WhiteElo "2590"]
[BlackElo "2655"]

1.e4 c6 2.d4 d5 3.e5 Bf5 4.Nc3 e6 5.g4 Bg6 6.Nge2 Ne7 7.Bg2 h5 8.h3 hxg4
9.hxg4 Rxh1+ 10.Bxh1 c5 11.Bg5 Nbc6 12.dxc5 Nxe5 13.Nd4 Qa5 14.Qe2 N5c6 15.Nb5 O-O-O
16.Kf1 a6 17.Nd6+ Kb8 18.Bf4 Ka8 19.a4 Nc8 20.b4 Nxb4 21.Ncb5 Nxd6 22.Nxd6 Qxc5
23.Nb5 Qxc2 24.Nc7+ Ka7 25.Nb5+ axb5 26.axb5+ Kb6 27.Qe5 Qxf2+ 28.Kxf2 Nd3+  0-1

[Event "Tilburg"]
[Site "Tilburg"]
[Date "1993.??.??"]
[Round "3"]
[White "Epishin, Vladimir"]
[Black "Shabalov, Alexander"]
[Result "1-0"]
[WhiteElo "2655"]
[BlackElo "2590"]

1.d4 d5 2.c4 c6 3.Nc3 e5 4.dxe5 d4 5.Ne4 Qa5+ 6.Nd2 Bg4 7.h3 Bh5 8.g4 Bg6
9.Nf3 h5 10.Bg2 hxg4 11.Nxd4 Nd7 12.e6 Ne5 13.exf7+ Bxf7 14.Nb3 Qc7 15.Ne4 Nxc4
16.Bg5 Bd5 17.Qd4 Bb4+ 18.Kf1 Ne7 19.hxg4 Rxh1+ 20.Bxh1 O-O-O 21.Bf3 Qh2
22.Rd1 Ne5 23.Bg2 Nf7 24.Qxb4 Nxg5 25.Qxe7 Nh3 26.Ke1 Qxg2 27.Nd6+ Rxd6 28.Qxd6 Qxf2+
29.Kd2 Ng5 30.Kc1 Ne4 31.Qe7 Qe3+ 32.Nd2 g5 33.Qf8+ Kc7 34.Qe7+ Kb6 35.Qb4+ Kc7
36.Qe7+ Kb6 37.Qa3 Qxe2 38.Qb4+ Kc7 39.Nxe4 Qxe4 40.Qxe4 Bxe4 41.Rf1 Kd6
42.Rf7 b5 43.Rxa7 Ke5 44.Rf7 Kd4  1-0

[Event "Bonn GSK"]
[Site "Bonn"]
[Date "1994.??.??"]
[Round "7"]
[White "Shabalov, Alexander"]
[Black "Sieglen, Joachim"]
[Result "0-1"]
[WhiteElo "2590"]
[BlackElo "2410"]

1.e4 e5 2.Nf3 Nc6 3.Bb5 a6 4.Ba4 Nf6 5.O-O Be7 6.Re1 b5 7.Bb3 O-O 8.h3 d6
9.c3 Nb8 10.d4 Nbd7 11.Nbd2 Bb7 12.Bc2 Re8 13.Nf1 Bf8 14.Ng3 g6 15.a4 c5
16.d5 c4 17.Bg5 h6 18.Be3 Nc5 19.Qd2 h5 20.Qe2 Nh7 21.Nd2 Qd7 22.Qf1 Bg7
23.Rad1 Rac8 24.axb5 axb5 25.Ne2 Ra8 26.Nc1 Na4 27.Bxa4 Rxa4 28.f4 exf4 29.Qxf4 Qe7
30.Bd4 Bxd4+ 31.cxd4 Qf6 32.Qxf6 Nxf6 33.Ne2 Rb4 34.Rb1 Nxe4 35.Nc3 Nf6 36.Rxe8+ Nxe8
37.Na2 Ra4 38.Nc3 Ra5 39.b4 cxb3 40.Nxb3 Ra8 41.Nd2 Ba6 42.Nxb5 Rb8 43.Na7 Rxb1+
44.Nxb1 Nf6 45.Nc3 Kf8 46.Nc6 Bc4 47.Nb4 h4 48.Kf2 Kg7 49.Kf3 g5 50.Ke3 Kh6
51.Kf2 Kg7 52.Ke3 Kh7 53.Kf2 Kh6 54.Nc6 Nxd5 55.Ne4 Nf4 56.Nxd6 Bd5 57.Ne5 Bxg2
58.Ndxf7+ Kh5 59.Nd3 Bxh3 60.Nxf4+ gxf4 61.Kf3 Be6 62.Nd8 Bc4 63.d5 h3  0-1

[Event "Chicago op"]
[Site "Chicago"]
[Date "1994.??.??"]
[Round "3"]
[White "Shabalov, Alexander"]
[Black "Olesen, Martin"]
[Result "1-0"]
[WhiteElo "2590"]
[BlackElo "2340"]

1.e4 e5 2.Nc3 Bc5 3.Bc4 Nf6 4.f4 d6 5.Nf3 Nc6 6.d3 Bg4 7.Na4 Bb6 8.Nxb6 axb6
9.O-O Qe7 10.c3 Na5 11.Bb5+ Bd7 12.Bxd7+ Nxd7 13.b4 Nc6 14.Qe1 exf4 15.Bxf4 Nce5
16.Qg3 Ng6 17.Bd2 O-O 18.Nd4 Qh4 19.Qe3 Nde5 20.Nf5 Qh5 21.h3 Nh4 22.Ng3 Qg6
23.Qf4 Qf6 24.Qxf6 gxf6 25.Bh6 Rfc8 26.Nh5 Nxd3 27.Nxf6+ Kh8 28.Ng4 Ne5 29.Nxe5 dxe5
30.g3 Ng6 31.Rxf7 Ra3 32.Rd1  1-0

[Event "USA-op"]
[Site "Chicago"]
[Date "1994.??.??"]
[Round "7"]
[White "Shabalov, Alexander"]
[Black "Fedorowicz, John P"]
[Result "1/2-1/2"]
[WhiteElo "2600"]
[BlackElo "2525"]

1.e4 c5 2.Nf3 d6 3.d4 cxd4 4.Nxd4 Nf6 5.Nc3 e6 6.f4 a6 7.Bd3 Nbd7 8.O-O Nc5
9.Kh1 Qc7 10.Qe1 Be7 11.e5 dxe5 12.fxe5 Nfd7 13.Nf3 O-O 14.Ne4 Nxd3 15.cxd3 f5
16.exf6 Nxf6 17.Neg5 Qd6 18.Ne5 b5 19.Bf4 Qd5 20.Qh4 Bb7 21.Rf3 Rac8 22.Rg3 Bd6
23.Ngf3 Rc7 24.Rg5 h6 25.Qxh6 Nh7 26.Rg3 Rf5 27.Re1 Nf6 28.Qh4 Qxa2 29.Ng4 Bxf4
30.Nxf6+ Kf7 31.Rxg7+ Kxg7 32.Ne8+ Kf8 33.Nxc7 Bxc7 34.Nd4 Rf7 35.Qh6+ Kg8
36.Qg6+ Rg7 37.Qe8+  1/2-1/2

[Event "USA-op"]
[Site "Chicago"]
[Date "1994.??.??"]
[Round "8"]
[White "Bisguier, Arthur Bernard"]
[Black "Shabalov, Alexander"]
[Result "1/2-1/2"]
[WhiteElo "2370"]
[BlackElo "2600"]

1.d4 e6 2.e4 d5 3.Nc3 Bb4 4.Ne2 Nf6 5.e5 Nfd7 6.f4 O-O 7.g3 c5 8.Bd2 cxd4
9.Nb5 Bxd2+ 10.Qxd2 Qb6 11.Nexd4 a6 12.Nd6 Qxb2 13.Rd1 Nc6 14.c4 Qxd2+ 15.Rxd2 Nb6
16.cxd5 Nxd5 17.Bg2 Bd7 18.Bxd5 exd5 19.Nxb7 Nxd4 20.Rxd4 f6 21.exf6 Rab8
22.Nc5 Rfe8+ 23.Kd2 Bg4 24.Re1 Rxe1 25.Kxe1 Rb1+ 26.Kd2 gxf6 27.Nxa6 Rb2+
28.Kc3 Rxa2 29.Nb4 Rxh2 30.Nxd5 Kf7 31.Rd3 Bf5 32.Re3 Be6 33.Nc7 Ba2 34.f5 Bb1
35.Nd5 Bxf5 36.Rf3 Ke6 37.Nxf6 Rc2+ 38.Kd4 Rd2+ 39.Kc3 Rc2+ 40.Kd4 Kxf6 41.g4 Rd2+
42.Kc3 Rg2 43.gxf5 h5 44.Kd3 h4 45.Ke3 Ra2  1/2-1/2

[Event "Lloyds Bank op"]
[Site "London"]
[Date "1994.??.??"]
[Round "1"]
[White "Shabalov, Alexander"]
[Black "Martin, Benjamin"]
[Result "1-0"]
[WhiteElo "2600"]
[BlackElo "2355"]

1.e4 e6 2.d4 d5 3.Nc3 Bb4 4.e5 c5 5.a3 Bxc3+ 6.bxc3 Ne7 7.Qg4 Qc7 8.Bd3 c4
9.Be2 O-O 10.Nf3 f6 11.exf6 Rxf6 12.Bg5 Rf5 13.Qg3 Qxg3 14.hxg3 Ng6 15.Be3 Nc6
16.O-O-O Bd7 17.Rh2 Nf8 18.Rdh1 Be8 19.g4 Rf6 20.g5 Rf5 21.Nh4 Rf7 22.g6 hxg6
23.Nf3 Rxf3 24.Bxf3 Kf7 25.Bg5 Nd7 26.Rh8 Nf6 27.Bxf6 Kxf6 28.Rg8 Rd8 29.Rhh8 Kf7
30.Bg4  1-0

[Event "Lloyds Bank op"]
[Site "London"]
[Date "1994.??.??"]
[Round "7"]
[White "Shabalov, Alexander"]
[Black "Parker, Jonathan"]
[Result "1-0"]
[WhiteElo "2600"]
[BlackElo "2400"]

1.e4 e5 2.Nc3 Nf6 3.Bc4 Nxe4 4.Qh5 Nd6 5.Bb3 Nc6 6.Nb5 g6 7.Qf3 f5 8.Qd5 Qe7
9.Nxc7+ Kd8 10.Nxa8 b6 11.d3 Bb7 12.h4 h6 13.Nxb6 axb6 14.Qf3 Bg7 15.Qh3 e4
16.Ne2 exd3 17.cxd3 Re8 18.Bd1 f4 19.Bxf4 Nf5 20.O-O Nxh4 21.Nc3 Nd4 22.Ne4 Bxe4
23.dxe4 g5 24.Bg3 Qxe4 25.Rc1 Re6 26.Bg4 Nhf5 27.Bc7+ Ke7 28.Bxb6 h5 29.Bxh5 Qf4
30.Qa3+ Nd6 31.Rce1 Be5 32.g3 Qd2 33.Qa8  1-0

[Event "Lloyds Bank op"]
[Site "London"]
[Date "1994.??.??"]
[Round "8"]
[White "Wells, Peter K"]
[Black "Shabalov, Alexander"]
[Result "1-0"]
[WhiteElo "2490"]
[BlackElo "2600"]

1.d4 d5 2.c4 c6 3.Nf3 Nf6 4.Nc3 e6 5.Bg5 dxc4 6.e4 b5 7.e5 h6 8.Bh4 g5 9.exf6 gxh4
10.Ne5 Qxf6 11.a4 Bb7 12.Be2 h3 13.Bh5 hxg2 14.Rg1 Rh7 15.Bf3 Qe7 16.Rxg2 Rg7
17.Ne4 a6 18.Nc5 Rxg2 19.Bxg2 Bg7 20.Qg4 Kf8 21.O-O-O Bc8 22.f4 Kg8 23.Bxc6 Nxc6
24.Nxc6 Qf8 25.Rg1 Kh8 26.Qh5 f6 27.Qg6 e5 28.f5 c3 29.Ne6 cxb2+ 30.Kb1 Bxe6
31.fxe6 Re8 32.d5 bxa4 33.e7 Rxe7 34.Nxe7 Qxe7 35.d6 Qd7 36.Qxg7+  1-0

[Event "Lloyds Bank op"]
[Site "London"]
[Date "1994.??.??"]
[Round "9"]
[White "Shabalov, Alexander"]
[Black "Webster, Andrew"]
[Result "1/2-1/2"]
[WhiteElo "2600"]
[BlackElo "2405"]

1.e4 g6 2.d4 Bg7 3.Nc3 c6 4.f4 d5 5.e5 h5 6.Be3 Nh6 7.Nf3 Bg4 8.Be2 e6 9.O-O Bf8
10.Bf2 Nf5 11.Qd3 Nd7 12.b3 b5 13.Nd1 b4 14.c4 bxc3 15.Qxc3 Qb6 16.Nb2 c5
17.Na4 Qb4 18.Qxb4 cxb4 19.Rfc1 Bh6 20.Bb5 Bxf3 21.gxf3 Kd8 22.Rc6 Bxf4 23.a3 Rb8
24.Ba6 Ne7 25.Rc2 Rf8 26.axb4 Rxb4 27.Nb2 Rxb3 28.Nd3 Bh6 29.Kg2 f6 30.Ra5 Nf5
31.Rc8+ Ke7 32.Rc7 Rd8 33.Bb5 Bd2 34.Raxa7 Rxb5 35.Nc5 fxe5 36.Nxd7 Ba5 37.Nb6+ Kf8
38.Rf7+ Kg8 39.Na4 exd4 40.Rf6 Re8 41.Rxg6+ Kh8 42.Bxd4+ e5 43.Rf6 Nxd4  1/2-1/2

[Event "Lloyds Bank op"]
[Site "London"]
[Date "1994.??.??"]
[Round "10"]
[White "King, Daniel J"]
[Black "Shabalov, Alexander"]
[Result "1-0"]
[WhiteElo "2495"]
[BlackElo "2600"]

1.g3 f5 2.Bg2 Nf6 3.d4 e6 4.c4 c6 5.Nf3 d5 6.O-O Bd6 7.b3 Qe7 8.Bb2 b6 9.Nbd2 O-O
10.Ne5 Bb7 11.e3 a5 12.Ndf3 Na6 13.Rc1 Rac8 14.Qe2 Ne4 15.cxd5 cxd5 16.Qb5 Nb4
17.Qxb6 Nxa2 18.Rxc8 Rxc8 19.Ra1 Nac3 20.Qxa5 Ne2+ 21.Kf1 Rc2 22.Nd3 Bc7
23.Qa7 Bc6 24.Nfe5 Be8 25.Qb7 h5 26.Ra8 Kh7 27.Ba3 N2xg3+ 28.hxg3 Nxg3+ 29.fxg3 Qg5
30.Ne1 Rd2 31.N1f3  1-0

[Event "Moscow ol (Men)"]
[Site "Moscow"]
[Date "1994.??.??"]
[Round "1"]
[White "Shabalov, Alexander"]
[Black "De Villiers, Charles"]
[Result "1/2-1/2"]
[WhiteElo "2600"]
[BlackElo "2320"]

1.d4 Nf6 2.c4 g6 3.Nc3 Bg7 4.e4 d6 5.h3 O-O 6.Nf3 e5 7.d5 Nh5 8.Nh2 c6 9.Be2 cxd5
10.Nxd5 Nf4 11.Nxf4 exf4 12.O-O g5 13.Rb1 Re8 14.Bd3 Nc6 15.b3 Qa5 16.h4 h6
17.hxg5 hxg5 18.Qh5 Ne5 19.Qxg5 Re6 20.Be2 Rg6 21.Qh4 Bf6 22.Qh5 Rg5 23.Qh6 Rg6
24.Qh5 Rg5 25.Qh6  1/2-1/2

[Event "Moscow ol (Men)"]
[Site "Moscow"]
[Date "1994.??.??"]
[Round "4"]
[White "Agdestein, Espen"]
[Black "Shabalov, Alexander"]
[Result "1-0"]
[WhiteElo "2330"]
[BlackElo "2600"]

1.c4 f5 2.g3 Nf6 3.Bg2 g6 4.d4 Bg7 5.Nc3 O-O 6.Nh3 Nc6 7.d5 Ne5 8.Qb3 c5
9.Bd2 h6 10.O-O d6 11.Rae1 e6 12.Nf4 exd5 13.Nfxd5 Nc6 14.Rb1 Kh7 15.Nxf6+ Qxf6
16.Nd5 Qf7 17.Bc3 Be6 18.Bxg7 Qxg7 19.e3 Rae8 20.Rbd1 Bg8 21.Rd2 Ne5 22.Qc2 Kh8
23.b3 g5 24.Kh1 h5 25.h3 h4 26.f4 Ng6 27.fxg5 Bxd5 28.Rxd5 Re5 29.Rxd6 hxg3
30.Qe2 Ne7 31.h4 Kg8 32.Qf3 Re4 33.Qxg3 Rg4 34.Qh2 Ng6 35.Rxg6 Qxg6 36.Bf3 Re8
37.Bxg4 fxg4 38.Qf4 Qe6 39.Kg2 Qxe3 40.Qxe3 Rxe3 41.Rf4 Kg7 42.h5 Rh3 43.h6+ Kg6
44.Rxg4 Rd3 45.Rh4 Rd8 46.h7 Rh8 47.Kf3 Kxg5 48.Rh2 Kf5 49.Rh1 a6 50.a4 a5
51.Rh2 b6 52.Rh3 Ke5 53.Kg4  1-0

[Event "Moscow ol (Men)"]
[Site "Moscow"]
[Date "1994.??.??"]
[Round "6"]
[White "Shabalov, Alexander"]
[Black "Rogozenko, Dorin"]
[Result "1/2-1/2"]
[WhiteElo "2600"]
[BlackElo "2405"]

1.d4 d5 2.Nf3 c6 3.Bg5 Qb6 4.Qc1 Bg4 5.Nbd2 e6 6.e3 h6 7.Bh4 Nd7 8.Bd3 Ngf6
9.O-O Bxf3 10.Nxf3 Bd6 11.c4 c5 12.b4 Qxb4 13.Rb1 Qa5 14.Bxf6 Nxf6 15.cxd5 Nxd5
16.Bb5+ Kf8 17.Rb3 Rc8 18.dxc5 Rxc5 19.Qb2 Rc3 20.e4 Rxb3 21.Qxb3 Nb6 22.Rc1 e5
23.a4 Ke7 24.Nxe5 Bxe5 25.Qa3+ Ke6 26.Qh3+  1/2-1/2

[Event "Moscow ol (Men)"]
[Site "Moscow"]
[Date "1994.??.??"]
[Round "7"]
[White "Imanaliev, Taalaibek"]
[Black "Shabalov, Alexander"]
[Result "1-0"]
[WhiteElo "2385"]
[BlackElo "2600"]

1.e4 c6 2.c4 e5 3.d4 Bb4+ 4.Bd2 Bxd2+ 5.Qxd2 d6 6.Nf3 Bg4 7.Be2 Bxf3 8.Bxf3 Nf6
9.Nc3 Nbd7 10.Rd1 O-O 11.O-O Re8 12.b3 Qa5 13.g3 Rad8 14.Bg2 a6 15.Rfe1 b5
16.cxb5 axb5 17.Nd5 Ra8 18.b4 Qa7 19.Nxf6+ Nxf6 20.dxe5 dxe5 21.Re2 Qa3 22.Qb2 Kf8
23.Qxa3 Rxa3 24.Rc2 Ra6 25.Rd6 Re6 26.Rd3 Ne8 27.Rcd2 Re7 28.Bh3 Rea7 29.Rd8 Rxa2
30.Bd7 Rxd7 31.R2xd7  1-0

[Event "New York op"]
[Site "New York"]
[Date "1994.??.??"]
[Round "1"]
[White "Marquez, Raul"]
[Black "Shabalov, Alexander"]
[Result "0-1"]
[WhiteElo "2260"]
[BlackElo "2590"]

1.d4 d5 2.Nf3 Nf6 3.c4 c6 4.e3 a6 5.Nc3 Bg4 6.h3 Bxf3 7.Qxf3 b5 8.cxd5 cxd5
9.e4 e6 10.e5 Nfd7 11.Bd3 Nc6 12.Be3 g6 13.O-O Bg7 14.Rad1 O-O 15.Qg4 Ra7
16.f4 Nb6 17.b3 Nc8 18.Qf3 f6 19.Qg4 Re7 20.a4 Qb6 21.axb5 axb5 22.Bf2 N8a7
23.Bb1 f5 24.Qf3 Rd7 25.g4 Ne7 26.Bh4 Nac6 27.Qd3 Rb7 28.Ne2 Rc7 29.Rc1 Rfc8
30.Kg2 Bf8 31.Qd2 Qa5 32.Qe3 Nb4 33.Rc5 Rxc5 34.dxc5 Na6 35.Rc1 Qa3 36.Bxe7 Bxe7
37.gxf5 gxf5 38.c6 Kh8 39.Kh1 Bc5 40.Qg3 Rg8 41.Qh4 Be7 42.Qh5 Qxb3 43.Rg1 Nc7
44.Rf1 b4 45.Qf3 Qxf3+ 46.Rxf3 Ra8 47.Kg2 Kg7 48.Nd4 Bc5 49.Nb3 Bb6 50.h4 Kf7
51.h5 Rg8+ 52.Kh2 Nb5 53.Bd3 Na7 54.Rf1 Nxc6 55.Ra1 Be3  0-1

[Event "New York op"]
[Site "New York"]
[Date "1994.??.??"]
[Round "3"]
[White "Sherzer, Alex"]
[Black "Shabalov, Alexander"]
[Result "1/2-1/2"]
[WhiteElo "2465"]
[BlackElo "2590"]

1.e4 c6 2.d4 d5 3.Nc3 dxe4 4.Nxe4 Nd7 5.Bc4 Ngf6 6.Ng5 e6 7.Qe2 Nb6 8.Bb3 h6
9.N5f3 c5 10.Bf4 Nbd5 11.Be5 Qa5+ 12.Nd2 cxd4 13.Nf3 Be7 14.Nxd4 O-O 15.O-O-O Rd8
16.Kb1 Nd7 17.Bg3 Nc5 18.Bxd5 Rxd5 19.N2b3 Nxb3 20.Nxb3 Qd8 21.f4 Rxd1+ 22.Rxd1 Bd7
23.Nd4 Bf6 24.Nf3 Qb6 25.Ne5 Bb5 26.c4 Ba4 27.b3 Be8 28.Bf2 Qc7 29.Qe4 Be7
30.g4 a6 31.h4 Rd8 32.Rxd8 Qxd8 33.Kc2 Bxh4 34.Bxh4 Qxh4 35.Qxb7 Qf2+ 36.Kd3 Qxf4
37.Qb8 Kh7 38.Qxe8 Qxe5 39.Qxf7 Qg3+ 40.Ke4 Qxg4+ 41.Qf4 Qg2+ 42.Ke5 h5  1/2-1/2

[Event "New York op"]
[Site "New York"]
[Date "1994.??.??"]
[Round "6"]
[White "Shabalov, Alexander"]
[Black "Frias, Victor J"]
[Result "1-0"]
[WhiteElo "2590"]
[BlackElo "2455"]

1.e4 c5 2.Nf3 e6 3.d4 cxd4 4.Nxd4 Nf6 5.Nc3 d6 6.f4 Nc6 7.Nf3 Be7 8.Bd3 a6
9.a3 d5 10.e5 Nd7 11.O-O O-O 12.Kh1 b5 13.Be3 Bb7 14.Ne2 g6 15.Ned4 Nxd4
16.Nxd4 Re8 17.Qg4 Bf8 18.h4 f5 19.Qg3 Kh8 20.h5 gxh5 21.Qh2 Nc5 22.Rf3 Ne4
23.Rh3 Rc8 24.Rxh5 Rc7 25.g4 fxg4 26.Kg2 Rg7 27.Rh1 Qd7 28.f5 g3 29.Qh3 exf5
30.e6 Rxe6 31.Qxf5 Nf6 32.Nxe6 d4+ 33.Kg1 Qc6 34.Rxh7+ Kg8 35.Rh8+  1-0

[Event "North Bay op"]
[Site "North Bay"]
[Date "1994.??.??"]
[Round "?"]
[White "Shirov, Alexei"]
[Black "Shabalov, Alexander"]
[Result "1/2-1/2"]
[WhiteElo "2740"]
[BlackElo "2600"]

1.e4 c5 2.Nf3 d6 3.d4 cxd4 4.Nxd4 Nf6 5.Nc3 a6 6.Be3 Nc6 7.f3 e5 8.Nb3 Be6
9.Nd5 Bxd5 10.exd5 Ne7 11.c4 g6 12.Bd3 Bg7 13.O-O O-O 14.Nd2 Nh5 15.Re1 b5
16.b3 Rb8 17.a4 bxc4 18.Bxc4 Nf4 19.Ne4 Nf5 20.Bf2 Nd4 21.Bxd4 exd4 22.g3 Nh5
23.Ra2 a5 24.f4 Qb6 25.Kg2 Nf6 26.Nxf6+ Bxf6 27.Rae2 Qb4 28.Qd2  1/2-1/2

[Event "World op"]
[Site "Philadelphia"]
[Date "1994.??.??"]
[Round "?"]
[White "Waitzkin, Joshua"]
[Black "Shabalov, Alexander"]
[Result "1/2-1/2"]
[WhiteElo "2430"]
[BlackElo "2590"]

1.e4 Nf6 2.Nc3 d5 3.e5 Nfd7 4.f4 e6 5.Nf3 c5 6.g3 Nc6 7.Bg2 Be7 8.O-O O-O
9.d3 Rb8 10.g4 f6 11.exf6 Bxf6 12.Qe1 Kh8 13.g5 Bd4+ 14.Kh1 g6 15.Nxd4 Nxd4
16.Ne2 Nf5 17.Ng3 Re8 18.b3 b6 19.Bb2+ Kg8 20.Nxf5 gxf5 21.Qh4 d4 22.c3 Nf8
23.cxd4 cxd4 24.Qf2 Bb7 25.Bxd4 Bxg2+ 26.Kxg2 Rc8 27.Kg1 Qd5 28.Rad1 Rc6
29.Ba1 Rec8 30.Qd4 Qxd4+ 31.Bxd4 Rc2 32.Rf2 Ng6 33.Be3 Ne7 34.Rxc2 Rxc2 35.Rd2 Rc1+
36.Kf2 Nd5 37.Kf3 Kf7 38.h4 Nb4 39.h5 Rh1 40.h6 Rh3+ 41.Kf2 e5 42.fxe5 f4
43.Bd4 Ke6 44.Kg1 Nc6 45.Bb2 Ne7 46.d4 Kd5 47.Re2 f3 48.Rh2 Rxh2 49.Kxh2 Ke4
50.Kg1 Ke3 51.Kf1 f2 52.g6 Nxg6 53.Bc1+ Kxd4 54.e6 Kd5 55.Kxf2 Kxe6 56.Kf3  1/2-1/2

[Event "World op"]
[Site "Philadelphia"]
[Date "1994.??.??"]
[Round "?"]
[White "Zamora, Jorge"]
[Black "Shabalov, Alexander"]
[Result "0-1"]
[WhiteElo "2290"]
[BlackElo "2590"]

1.d4 Nf6 2.Nf3 e6 3.c4 c5 4.e3 a6 5.Nc3 d5 6.cxd5 exd5 7.Be2 Nc6 8.O-O Bg4
9.a3 Bd6 10.dxc5 Bxc5 11.b4 Ba7 12.b5 axb5 13.Nxb5 Bb8 14.Nfd4 Bd7 15.a4 O-O
16.Bb2 Re8 17.Nb3 Ne5 18.Qd4 Neg4 19.Bxg4 Bxg4 20.Nd2 Ra6 21.Rfc1 Rae6 22.Nf1 h5
23.Qd3 Rc6 24.Qb3 Ne4 25.Rxc6 bxc6 26.Nd4 Qf6 27.Qc2 c5 28.Nb3 Qg6 29.Nbd2 h4
30.Nxe4 dxe4 31.Qc3 Be5 32.Qb3 Rb8 33.Qd5 Bxb2 34.Re1 Bf3 35.g3 Qe6  0-1

[Event "USA-ch playoff"]
[Site "?"]
[Date "1994.??.??"]
[Round "3"]
[White "Yermolinsky, Alex"]
[Black "Shabalov, Alexander"]
[Result "1-0"]
[WhiteElo "2590"]
[BlackElo "2600"]

1.c4 Nf6 2.Nc3 c5 3.g3 e6 4.Nf3 b6 5.e4 d6 6.d4 cxd4 7.Nxd4 Bb7 8.Bg2 Nbd7
9.O-O a6 10.Re1 Qc7 11.Nd5 exd5 12.exd5+ Ne5 13.f4 O-O-O 14.fxe5 dxe5 15.Nf5 Bc5+
16.Be3 g6 17.Bxc5 Qxc5+ 18.Ne3 h5 19.Qd2 h4 20.b4 Qd4 21.Rad1 hxg3 22.hxg3 Qxd2
23.Rxd2 Nh5 24.c5 Kb8 25.Nc4 b5 26.Nxe5 Rhe8 27.Nd7+ Kc7 28.Rxe8 Rxe8 29.Nb6  1-0

[Event "Cappelle op"]
[Site "Cappelle la Grande"]
[Date "1995.??.??"]
[Round "3"]
[White "Dausch, Rene"]
[Black "Shabalov, Alexander"]
[Result "0-1"]
[WhiteElo "2305"]
[BlackElo "2570"]

1.d4 Nf6 2.Nf3 d6 3.g3 Nbd7 4.Bg2 e5 5.dxe5 dxe5 6.O-O c6 7.b3 Qc7 8.a4 Bc5
9.Na3 O-O 10.Nc4 Rd8 11.Bb2 e4 12.Ng5 Re8 13.e3 h6 14.Nh3 b5 15.Nd2 Ne5 16.Nf4 Bg4
17.Bxe5 Qxe5 18.Qc1 g5 19.h3 gxf4 20.gxf4 Qh5 21.hxg4 Nxg4 22.Re1 Qh2+ 23.Kf1 Rad8
24.Re2 f5 25.axb5 Rd7 26.bxc6 Rg7 27.Qb2 Ne5 28.fxe5 Rxg2 29.Ke1 Rg1+ 30.Nf1 Rd8  0-1

[Event "Cappelle op"]
[Site "Cappelle la Grande"]
[Date "1995.??.??"]
[Round "7"]
[White "Shabalov, Alexander"]
[Black "Reinderman, Dimitri"]
[Result "1-0"]
[WhiteElo "2570"]
[BlackElo "2440"]

1.e4 c5 2.Nf3 Nc6 3.d4 cxd4 4.Nxd4 Nf6 5.Nc3 e5 6.Ndb5 d6 7.Bg5 a6 8.Na3 b5
9.Nd5 Be7 10.Bxf6 Bxf6 11.c3 O-O 12.Nc2 Bg5 13.a4 bxa4 14.Rxa4 Bb7 15.Bc4 Na5
16.Ba2 Bc6 17.Ra3 Bb5 18.b3 Nb7 19.b4 a5 20.Bb3 Bh6 21.Ra1 Qg5 22.g3 Rab8
23.Na3 Bd7 24.O-O Kh8 25.Ne3 Qg6 26.Bd5 axb4 27.cxb4 Bxe3 28.fxe3 Nd8 29.Nc4 Bb5
30.Rc1 Nc6 31.Bxc6 Bxc6 32.Nxd6 Bxe4 33.Rc7 f6 34.Qb3 h6 35.b5 Rbd8 36.Qb4 Bd3
37.Rd1 e4 38.b6 Qh5 39.Re1 Qf3 40.b7 Be2 41.Nxe4 Qxe3+ 42.Nf2 Rfe8 43.Rc2 Qf3
44.Qb2 Rb8 45.Rexe2 Rxe2 46.Rxe2 Rxb7 47.Re8+ Kh7 48.Qc2+ g6 49.Qa2 Rg7 50.Qe6 Qb7
51.Ne4 Qa7+ 52.Kg2 Qb7 53.Kh3 Rf7 54.Nxf6+ Kg7 55.Rg8+  1-0

[Event "Mid-America Class op"]
[Site "Chicago"]
[Date "1995.??.??"]
[Round "1"]
[White "Shabalov, Alexander"]
[Black "Dandridge, Marvin"]
[Result "1-0"]
[WhiteElo "2570"]
[BlackElo "2220"]

1.e4 e6 2.d4 d5 3.Nc3 Nf6 4.e5 Nfd7 5.Nce2 c5 6.c3 Nc6 7.f4 cxd4 8.cxd4 Qb6
9.Nf3 Be7 10.Nc3 f5 11.a3 O-O 12.b4 Qd8 13.Bd3 Nb6 14.Rg1 Bd7 15.g4 Rc8 16.Qb3 Kh8
17.Ra2 Be8 18.Rag2 Bg6 19.gxf5 exf5 20.Ne2 a5 21.b5 a4 22.Qb1 Na5 23.Ng5 Bxg5
24.Rxg5 Nb3 25.Kf2 Nc4 26.h4 Ncd2 27.Bxd2 Nxd2 28.Qb4 Ne4+ 29.Bxe4 fxe4 30.h5 h6
31.Rxg6 Qh4+ 32.Ke3 Qxh5 33.R6g3 Rf7 34.R1g2 Rc4 35.Qd6 g5 36.e6  1-0

[Event "Mid-America Class op"]
[Site "Chicago"]
[Date "1995.??.??"]
[Round "3"]
[White "Shabalov, Alexander"]
[Black "Palatnik, Semon"]
[Result "1-0"]
[WhiteElo "2570"]
[BlackElo "2490"]

1.d4 f5 2.g3 Nf6 3.Bg2 g6 4.Nf3 Bg7 5.c4 O-O 6.Nc3 d6 7.O-O c6 8.Re1 Ne4
9.Nxe4 fxe4 10.Ng5 d5 11.Be3 h6 12.Nh3 g5 13.f3 exf3 14.exf3 dxc4 15.f4 g4
16.Nf2 h5 17.h3 gxh3 18.Be4 Qe8 19.Bf3 Qg6 20.Kh2 Rf5 21.g4 hxg4 22.Rg1 Rh5
23.Bxg4 Bxg4 24.Rxg4 Qh7 25.Qe2 Nd7 26.Rag1 Nf6 27.Qxc4+ Nd5 28.Bc1 Rf8 29.Qe2 Rf6
30.Ne4 Re6 31.f5  1-0

[Event "Chicago op"]
[Site "Chicago"]
[Date "1995.??.??"]
[Round "4"]
[White "Shabalov, Alexander"]
[Black "Gurevich, Dmitry"]
[Result "*"]
[WhiteElo "2570"]
[BlackElo "2530"]

1.d4 Nf6 2.c4 e6 3.Nc3 Bb4 4.e3 c5 5.a3 Bxc3+ 6.bxc3 O-O 7.Bd3 Nc6 8.Ne2 b6
9.e4 Ne8 10.Be3 Ba6 11.Ng3 Na5 12.Qe2 Rc8 13.d5 f6 14.Rd1 Qe7 15.O-O Nd6
16.dxe6 Qxe6 17.Bf4 Nf7 18.e5 Nxe5 19.Bxe5 fxe5 20.Ne4 Bxc4 21.Bxc4 Qxc4
22.Qc2 Qe6 23.Rd6 Qf5 24.Rfd1 Rf7 25.Qe2 Rcf8 26.f3 h6 27.Ng3 Qf4 28.Rxd7 Nc4
29.Ne4 Qe3+ 30.Qxe3 Nxe3 31.Rxf7 Rxf7 32.Rd8+ Kh7 33.Kf2 Ng4+ 34.Ke2 Nf6
35.Nd6 Rd7 36.Rxd7 Nxd7 37.Ke3 Nf6 38.c4 Kg6 39.Nc8 Kf5 40.Nxa7 Ke6 41.Nc8 Nd7
42.h4 h5 43.g4 g5 44.hxg5 h4 45.f4 exf4+ 46.Kxf4 Kf7 47.Nd6+ Ke6 48.Nf5 Ne5
49.Ne3 Ng6+ 50.Kf3 Ke5 51.Nf5 Ke6 52.Kg2 Nf4+ 53.Kh2 h3 54.Kg3 Ke5 55.Nh4 Ne6
56.Nf3+ Ke4 57.g6 h2 58.Nxh2 Kd3 59.Nf3 Kxc4  *

[Event "New York op"]
[Site "New York"]
[Date "1995.??.??"]
[Round "6"]
[White "Zlotnikov, Mikhail"]
[Black "Shabalov, Alexander"]
[Result "0-1"]
[WhiteElo "2370"]
[BlackElo "2570"]

1.d4 Nf6 2.Nf3 e6 3.e3 c5 4.Bd3 Be7 5.O-O O-O 6.b3 b6 7.Bb2 d5 8.Nbd2 Ba6
9.Bxa6 Nxa6 10.Qe2 Nb4 11.Rfc1 Rc8 12.a3 Nc6 13.c4 cxd4 14.Nxd4 Nxd4 15.Bxd4 dxc4
16.Rxc4 Rxc4 17.Nxc4 b5 18.Ne5 Qd5 19.Qc2 Bd6 20.Qc6 a6 21.Qxd5 Nxd5 22.a4 Nb4
23.axb5 axb5 24.g3 f6 25.Nd7 Rc8 26.Nb6 Rc2 27.Ra8+ Kf7 28.Nc8 Bf8 29.Na7 e5
30.Bb6 Nd3 31.e4 b4 32.Rb8 h5 33.Rb7+ Kg6 34.h4 Rc3 35.Nb5 Rxb3 36.Nc7 Bc5
37.Ne6 Bxb6 38.Rxb6 Rb1+ 39.Kg2 Rb2 40.Rb7 Nxf2 41.Rxg7+ Kh6 42.Rf7 Nxe4+
43.Kf3 Kg6 44.Rg7+ Kf5  0-1

[Event "New York op"]
[Site "New York"]
[Date "1995.??.??"]
[Round "8"]
[White "Valvo, Michael J"]
[Black "Shabalov, Alexander"]
[Result "0-1"]
[WhiteElo "2380"]
[BlackElo "2570"]

1.e4 c6 2.d4 d5 3.e5 Bf5 4.Nc3 e6 5.g4 Bg6 6.Nge2 Ne7 7.Be3 h5 8.Nf4 hxg4
9.Nxg6 Nxg6 10.Qxg4 c5 11.Bd3 Qh4 12.Qg2 cxd4 13.Bxg6 dxe3 14.O-O-O e2 15.Rxd5 exd5
16.Bxf7+ Kxf7 17.Qxd5+ Ke8 18.Qxb7 Qh6+  0-1